local with institutional development structures in kampong thom province with provincial development programme "pdp"(ការរៀបចំរចនាសម្ព័ន្ធអភិវឌ្ឍន៍នៅតាមមូលដ្ឋានក្នុងគំរោងកម្មវិធីអភិវឌ្ឍន៍ខេត្ត "ភី ឌី ភី" ខេត្តកំពង់ធំ) (Record no. 540)

000 -LEADER
fixed length control field 00752nam a22001577a 4500
003 - CONTROL NUMBER IDENTIFIER
control field OSt
005 - DATE AND TIME OF LATEST TRANSACTION
control field 20150916093400.0
008 - FIXED-LENGTH DATA ELEMENTS--GENERAL INFORMATION
fixed length control field 150916b xxu||||| |||| 00| 0 eng d
040 ## - CATALOGING SOURCE
Transcribing agency RUA
082 ## - DEWEY DECIMAL CLASSIFICATION NUMBER
Classification number AGR EA 2001 B027 Or.1
100 ## - MAIN ENTRY--PERSONAL NAME
9 (RLIN) 562
Personal name EA, DARA.
245 ## - TITLE STATEMENT
Title local with institutional development structures in kampong thom province with provincial development programme "pdp"(ការរៀបចំរចនាសម្ព័ន្ធអភិវឌ្ឍន៍នៅតាមមូលដ្ឋានក្នុងគំរោងកម្មវិធីអភិវឌ្ឍន៍ខេត្ត "ភី ឌី ភី" ខេត្តកំពង់ធំ)
260 ## - PUBLICATION, DISTRIBUTION, ETC. (IMPRINT)
Place of publication, distribution, etc. Phnom Penh
Name of publisher, distributor, etc. RUA
Date of publication, distribution, etc. 2001
300 ## - PHYSICAL DESCRIPTION
Extent 41p.
Other physical details ill.
Dimensions 29cm.
942 ## - ADDED ENTRY ELEMENTS (KOHA)
Source of classification or shelving scheme
Koha item type AGR
Holdings
Price effective from Date last seen Permanent Location Not for loan Date acquired Source of classification or shelving scheme Koha item type Barcode Lost status Damaged status Shelving location Withdrawn status Current Location Full call number
2015-09-162015-09-16Library Block B 2015-09-16 AGRRUA002958  B027 Library Block BAGR EA 2001 B027 Or.1
2015-09-162015-09-16Library Block B 2015-09-16 AGRRUA002987  B027 Library Block BAGR EA 2001 B027 Or.2
2015-09-162015-09-16Library Block B 2015-09-16 AGRRUA002561  B027 Library Block BAGR EA 2001 B027 Or.3
2015-09-162015-09-16Library Block B 2015-09-16 AGRRUA002813    Library Block BAGR EA 2001 B027 Or.4
មជ្ឈមណ្ឌលឯការនៃសាកលវិទ្យាល័យភូមិន្ទកសិកម្មចំការដូង

Powered by Koha